[Event "XtraCon-Skakligaen"]
[Site "Denmark"]
[Date "2013.02.17"]
[Round "7.5"]
[White "Wiwe, Andreas"]
[Black "Pedersen, Finn"]
[Result "1-0"]
[WhiteElo "2272"]
[BlackElo "2291"]
[PlyCount "73"]
[EventDate "2012.10.27"]
[EventType "team-tourn"]
[EventRounds "9"]
[WhiteTeam "Jetsmark"]
[BlackTeam "Aarhus/Skolerne"]
[WhiteTeamCountry "DEN"]
[BlackTeamCountry "DEN"]

1. e4 c6 2. d4 d5 3. Nc3 dxe4 4. Nxe4 Bf5 5. Ng3 Bg6 6. Nf3 Nd7 7. h4 h6 8. h5
Bh7 9. Bd3 Bxd3 10. Qxd3 e6 11. Bd2 Ngf6 12. O-O-O Be7 13. Qe2 O-O 14. Nf1 c5
15. g4 Nh7 16. Kb1 Bf6 17. Ng3 cxd4 18. Ne4 Be7 19. g5 hxg5 20. Rhg1 g4 21.
Nxd4 Ndf6 22. Bc1 Qa5 23. f3 Rad8 24. fxg4 Rd5 25. Nb3 Qd8 26. Nc3 Rxd1 27.
Rxd1 Qc8 28. g5 Ne8 29. g6 Ng5 30. gxf7+ Rxf7 31. Nd4 Nc7 32. Qg4 Nh7 33. h6
Bf6 34. Ne4 Bxd4 35. Nd6 Qf8 36. Nxf7 Bf6 37. Nd6 1-0

[Event "XtraCon-Skakligaen"]
[Site "Denmark"]
[Date "2013.02.17"]
[Round "7.6"]
[White "Ochsner, Thomas"]
[Black "Jensen, Bjarke"]
[Result "1-0"]
[WhiteElo "2317"]
[BlackElo "2288"]
[PlyCount "57"]
[EventDate "2012.10.27"]
[EventType "team-tourn"]
[EventRounds "9"]
[WhiteTeam "Aarhus/Skolerne"]
[BlackTeam "Jetsmark"]
[WhiteTeamCountry "DEN"]
[BlackTeamCountry "DEN"]

1. e4 c5 2. c3 d5 3. exd5 Qxd5 4. d4 Nf6 5. Nf3 e6 6. Bd3 Nc6 7. O-O Be7 8. Be3
cxd4 9. cxd4 O-O 10. Nc3 Qd6 11. a3 a6 12. Qc2 h6 13. Rac1 Bd7 14. Qd2 Nd5 15.
Ne4 Qb8 16. Bxh6 f5 17. Nc5 Bxc5 18. Qg5 Rf7 19. Rxc5 Kf8 20. Bc4 Qd6 21. Qh4
gxh6 22. Qxh6+ Ke7 23. Bxd5 exd5 24. Re1+ Be6 25. Rxc6 bxc6 26. Ng5 Kd7 27.
Rxe6 Qf8 28. Nxf7 Qxf7 29. Rd6+ 1-0

[Event "XtraCon-Skakligaen"]
[Site "Denmark"]
[Date "2013.02.17"]
[Round "7.7"]
[White "Rathlev, Jakob"]
[Black "Rendboe, John Filip"]
[Result "1/2-1/2"]
[WhiteElo "2238"]
[BlackElo "2233"]
[PlyCount "136"]
[EventDate "2012.10.27"]
[EventType "team-tourn"]
[EventRounds "9"]
[WhiteTeam "Jetsmark"]
[BlackTeam "Aarhus/Skolerne"]
[WhiteTeamCountry "DEN"]
[BlackTeamCountry "DEN"]

1. c4 c5 2. Nc3 Nc6 3. g3 g6 4. Bg2 Bg7 5. Nf3 Nf6 6. O-O O-O 7. d4 cxd4 8.
Nxd4 Ng4 9. e3 d6 10. Nxc6 bxc6 11. Qc2 Bb7 12. Rd1 Qa5 13. h3 Ne5 14. b4 Qc7
15. c5 dxc5 16. bxc5 Rfd8 17. Bd2 Ba6 18. Qa4 Bd3 19. Be1 Bf5 20. f4 Nd3 21.
Qxc6 Qxc6 22. Bxc6 Rac8 23. Nd5 Kf8 24. Ba5 Rxd5 25. Bxd5 Bxa1 26. e4 Rxc5 27.
Rxd3 Bxe4 28. Bxe4 Rxa5 29. Bd5 Rc5 30. Kf2 h6 31. Bb3 a5 32. Rd5 Rxd5 33. Bxd5
e6 34. Bb3 Ke7 35. a4 g5 36. Kf3 Bb2 37. Bc2 f6 38. Bd3 Kd6 39. Bc4 Bc1 40. Bb3
Ba3 41. Bc4 Bc1 42. Bb3 Bd2 43. Bc4 Be1 44. Bb3 Ke7 45. Bc4 f5 46. Bb3 Kf6 47.
Bc4 Bd2 48. Bb3 Bc1 49. Bc4 e5 50. fxe5+ Kxe5 51. Bf7 Kf6 52. Be8 Ke5 53. Bg6
Ba3 54. Be8 Bb4 55. Bf7 Bd6 56. Be8 Kd4 57. Bg6 Ke5 58. Be8 Bb4 59. Bf7 Be1 60.
Bg6 Kf6 61. Be8 Ke5 62. Bg6 f4 63. gxf4+ gxf4 64. Be8 Bd2 65. Bf7 Kf6 66. Be8
Kg5 67. Bd7 Bc1 68. Bc8 Bd2 1/2-1/2

[Event "XtraCon-Skakligaen"]
[Site "Denmark"]
[Date "2013.02.17"]
[Round "7.8"]
[White "Hagen, Kresten Skytte"]
[Black "Helledie, Anders"]
[Result "1/2-1/2"]
[WhiteElo "2186"]
[BlackElo "2236"]
[PlyCount "88"]
[EventDate "2012.10.27"]
[EventType "team-tourn"]
[EventRounds "9"]
[WhiteTeam "Aarhus/Skolerne"]
[BlackTeam "Jetsmark"]
[WhiteTeamCountry "DEN"]
[BlackTeamCountry "DEN"]

1. Nf3 Nf6 2. c4 g6 3. Nc3 Bg7 4. e4 d6 5. d4 O-O 6. Be2 e5 7. O-O Nc6 8. d5
Ne7 9. b4 Nh5 10. Re1 f5 11. Ng5 Nf6 12. f3 c6 13. Be3 Bh6 14. h4 cxd5 15. cxd5
Bd7 16. Qd2 f4 17. Bf2 Bxg5 18. hxg5 Nh5 19. Nb5 Bxb5 20. Bxb5 Nc8 21. Rac1 Rf7
22. Rc3 Qxg5 23. Rec1 Nb6 24. Rc7 Raf8 25. a4 Qd8 26. Qc2 Ng3 27. Bxb6 axb6 28.
Rxf7 Rxf7 29. Qc8 Qxc8 30. Rxc8+ Kg7 31. Kf2 h5 32. Rd8 Rc7 33. Rd7+ Rxd7 34.
Bxd7 Kf7 35. Bc8 Ke7 36. Bxb7 Kd8 37. Bc6 g5 38. Bb5 Kc7 39. Be8 Kd8 40. Bg6
Kc7 41. Ke1 Kb7 42. Bf5 Kc7 43. Bg6 Kb7 44. Kf2 Kc7 1/2-1/2

[Event "XtraCon-Skakligaen"]
[Site "Denmark"]
[Date "2013.02.17"]
[Round "7.1"]
[White "Hagen, Andreas Skytte"]
[Black "Kristiansen, Jens"]
[Result "1-0"]
[WhiteElo "2416"]
[BlackElo "2419"]
[PlyCount "73"]
[EventDate "2012.10.27"]
[EventType "team-tourn"]
[EventRounds "9"]
[WhiteTeam "K41"]
[BlackTeam "BMSSkak"]
[WhiteTeamCountry "DEN"]
[BlackTeamCountry "DEN"]

1. e4 Nf6 2. e5 Nd5 3. d4 d6 4. Nf3 g6 5. Bc4 c6 6. exd6 Qxd6 7. O-O Bg7 8. Re1
Bg4 9. c3 O-O 10. Nbd2 Nd7 11. h3 Bxf3 12. Nxf3 e6 13. Bg5 Rfe8 14. Qd2 b5 15.
Bf1 a6 16. Rad1 c5 17. Bh6 Bh8 18. h4 cxd4 19. Nxd4 Ne5 20. Qg5 Rad8 21. Qg3
Nc4 22. Qxd6 Rxd6 23. Bc1 Rc8 24. Nc2 Rb6 25. g3 a5 26. a3 b4 27. axb4 axb4 28.
Bxc4 Rxc4 29. Nxb4 Nxb4 30. Rd8+ Kg7 31. cxb4 h5 32. b3 Rcxb4 33. Bb2+ f6 34.
Rc1 Rb8 35. Rc7+ Kh6 36. Rxh8+ Rxh8 37. Bxf6 1-0

[Event "XtraCon-Skakligaen"]
[Site "Denmark"]
[Date "2013.02.17"]
[Round "7.2"]
[White "Akdag, Dara Sevkan"]
[Black "Nilssen, John Arni"]
[Result "1-0"]
[WhiteElo "2251"]
[BlackElo "2364"]
[PlyCount "79"]
[EventDate "2012.10.27"]
[EventType "team-tourn"]
[EventRounds "9"]
[WhiteTeam "BMSSkak"]
[BlackTeam "K41"]
[WhiteTeamCountry "DEN"]
[BlackTeamCountry "DEN"]

1. d4 e6 2. c4 Nf6 3. Nf3 b6 4. g3 Ba6 5. Qc2 Bb7 6. Bg2 c5 7. d5 exd5 8. cxd5
g6 9. Nc3 Bg7 10. Nd2 O-O 11. O-O d6 12. Nc4 Ba6 13. Qb3 Re8 14. a4 Bf8 15. f4
Bxc4 16. Qxc4 a6 17. f5 Be7 18. fxg6 hxg6 19. Bg5 Nh7 20. Bh6 Nd7 21. Qf4 Ne5
22. h4 Ra7 23. Ne4 f5 24. Nc3 Nf6 25. e4 Nh5 26. Qd2 Nxg3 27. exf5 gxf5 28. Bh3
Kh8 29. Bf4 Bxh4 30. Bxg3 Rg8 31. Bxf5 Rxg3+ 32. Kh1 Rg5 33. Qh2 Rh5 34. Ne4
Rg7 35. Ra3 Ng4 36. Bxg4 Rxg4 37. Nf6 Qxf6 38. Rxf6 Kg7 39. Rf1 Rh6 40. Rh3 1-0

[Event "XtraCon-Skakligaen"]
[Site "Denmark"]
[Date "2013.02.17"]
[Round "7.3"]
[White "Nilsson, Sebastian"]
[Black "Rostgaard, Tobias Valentin"]
[Result "0-1"]
[WhiteElo "2330"]
[BlackElo "2229"]
[PlyCount "62"]
[EventDate "2012.10.27"]
[EventType "team-tourn"]
[EventRounds "9"]
[WhiteTeam "K41"]
[BlackTeam "BMSSkak"]
[WhiteTeamCountry "DEN"]
[BlackTeamCountry "DEN"]

1. e4 c5 2. Nf3 e6 3. d4 cxd4 4. Nxd4 Nc6 5. Nc3 Qc7 6. f4 a6 7. Nxc6 Qxc6 8.
Bd3 b5 9. Qe2 Bb7 10. Bd2 Rc8 11. O-O-O b4 12. Nd5 Qa4 13. Nb6 Qxa2 14. Be3
Qa1+ 15. Kd2 Qxb2 16. Ke1 Rd8 17. Kf2 Qc3 18. Bc4 b3 19. cxb3 Nf6 20. Rhe1
Nxe4+ 21. Kf1 Qf6 22. Rd4 g5 23. Kg1 gxf4 24. Rf1 Nc3 25. Qd3 Qg6 26. Qxg6 hxg6
27. Rdxf4 Rh7 28. R4f2 d5 29. Bd3 f5 30. Rc2 d4 31. Bf4 Be4 0-1

[Event "XtraCon-Skakligaen"]
[Site "Denmark"]
[Date "2013.02.17"]
[Round "7.4"]
[White "Nielsen, Thomas Bach"]
[Black "Brinck Claussen, Bjorn"]
[Result "1/2-1/2"]
[WhiteElo "2188"]
[BlackElo "2260"]
[PlyCount "80"]
[EventDate "2012.10.27"]
[EventType "team-tourn"]
[EventRounds "9"]
[WhiteTeam "BMSSkak"]
[BlackTeam "K41"]
[WhiteTeamCountry "DEN"]
[BlackTeamCountry "DEN"]

1. f4 c5 2. Nf3 g6 3. g3 Bg7 4. Bg2 Nc6 5. O-O d5 6. d3 Nh6 7. c3 O-O 8. e4
dxe4 9. dxe4 b6 10. Qe2 Bb7 11. Na3 Qc8 12. h3 f5 13. Kh2 Nf7 14. exf5 gxf5 15.
Re1 e5 16. fxe5 Ncxe5 17. Bf4 Ng6 18. Qe3 Bc6 19. Nc4 Re8 20. Qf2 Rxe1 21. Rxe1
Qd7 22. Nfe5 Ngxe5 23. Nxe5 Bxe5 24. Bxc6 Qxc6 25. Bxe5 Ng5 26. Rf1 Rf8 27. Qf4
Ne6 28. Qc4 Rf7 29. g4 b5 30. Qd3 f4 31. Rd1 f3 32. g5 c4 33. Qe3 f2 34. Rf1
Rf3 35. Qxa7 Qe4 36. Bg3 Nxg5 37. Rxf2 Rxf2+ 38. Qxf2 Nf3+ 39. Kg2 Ne5+ 40. Kg1
Nf3+ 1/2-1/2

[Event "XtraCon-Skakligaen"]
[Site "Denmark"]
[Date "2013.02.17"]
[Round "7.5"]
[White "Naes, Flovin Tor"]
[Black "Haubro, Martin"]
[Result "1/2-1/2"]
[WhiteElo "2271"]
[BlackElo "2151"]
[PlyCount "30"]
[EventDate "2012.10.27"]
[EventType "team-tourn"]
[EventRounds "9"]
[WhiteTeam "K41"]
[BlackTeam "BMSSkak"]
[WhiteTeamCountry "DEN"]
[BlackTeamCountry "DEN"]

1. d4 Nf6 2. Nf3 c5 3. c4 e6 4. Nc3 cxd4 5. Nxd4 a6 6. e4 Qc7 7. Be2 Nc6 8. O-O
Bb4 9. Qd3 O-O 10. Bg5 Bxc3 11. Bxf6 Bxb2 12. Nxe6 dxe6 13. Bxb2 Rd8 14. Qe3 e5
15. Rfd1 Be6 1/2-1/2

[Event "XtraCon-Skakligaen"]
[Site "Denmark"]
[Date "2013.02.17"]
[Round "7.6"]
[White "Brondt, Nicolai Kvist"]
[Black "Christensen, Bo Garner"]
[Result "0-1"]
[WhiteElo "2177"]
[BlackElo "2243"]
[PlyCount "120"]
[EventDate "2012.10.27"]
[EventType "team-tourn"]
[EventRounds "9"]
[WhiteTeam "BMSSkak"]
[BlackTeam "K41"]
[WhiteTeamCountry "DEN"]
[BlackTeamCountry "DEN"]

1. d4 d6 2. Nf3 g6 3. g3 f5 4. Bg2 Nf6 5. c4 Bg7 6. Nc3 O-O 7. O-O Nc6 8. d5
Ne5 9. Nxe5 dxe5 10. e4 f4 11. b4 g5 12. Qd3 Ne8 13. f3 a5 14. b5 Qd6 15. Ne2
b6 16. Ba3 Qf6 17. c5 Bd7 18. Rac1 Rf7 19. Nc3 fxg3 20. hxg3 Qh6 21. d6 exd6
22. cxb6 cxb6 23. Nd5 Rb8 24. Qe3 Bxb5 25. Rf2 g4 26. fxg4 Qxe3 27. Nxe3 Bh6
28. Rc3 Bxe3 29. Rxe3 Rxf2 30. Kxf2 Bc4 31. Bf1 Bxa2 32. Bb5 Nf6 33. Re2 Nxg4+
34. Kf3 Be6 35. Bxd6 Rc8 36. Rb2 Rc3+ 37. Kg2 Kf7 38. Ba4 Rc4 39. Bb5 Rxe4 40.
Be2 a4 41. Bxg4 Bxg4 42. Rxb6 Re2+ 43. Kg1 e4 44. Ra6 Bf3 45. Rxa4 Ke6 46. Bf4
Kf5 47. Ra3 h5 48. Re3 Ra2 49. Bd6 Kg4 50. Kf1 Rg2 51. Ra3 Rd2 52. Bc7 Re2 53.
Ra4 Rc2 54. Bb8 Be2+ 55. Ke1 Bd3 56. Ra7 e3 57. Ra4+ Kh3 58. Rh4+ Kg2 59. Rh2+
Kxh2 60. g4+ Kg2 0-1

[Event "XtraCon-Skakligaen"]
[Site "Denmark"]
[Date "2013.02.17"]
[Round "7.7"]
[White "Hartung Nielsen, Jens"]
[Black "Brorsen, Jacob Abildlund"]
[Result "0-1"]
[WhiteElo "2241"]
[BlackElo "2129"]
[PlyCount "127"]
[EventDate "2012.10.27"]
[EventType "team-tourn"]
[EventRounds "9"]
[WhiteTeam "K41"]
[BlackTeam "BMSSkak"]
[WhiteTeamCountry "DEN"]
[BlackTeamCountry "DEN"]

1. d4 Nf6 2. Nf3 g6 3. Bg5 Bg7 4. Nbd2 d5 5. e3 O-O 6. Bd3 c5 7. c3 Nc6 8. h3
Re8 9. O-O e5 10. dxe5 Nxe5 11. Nxe5 Rxe5 12. Nf3 Re8 13. Re1 Qb6 14. Qb3 Be6
15. Qxb6 axb6 16. a3 Ne4 17. Bf4 Rec8 18. Bxe4 dxe4 19. Ng5 Bd5 20. Rad1 Bc6
21. h4 Bf6 22. Bg3 Ra6 23. Nh3 Ba4 24. Rd2 Bb3 25. Nf4 b5 26. Nd5 Bd8 27. f3
exf3 28. gxf3 Re6 29. Kf2 h5 30. e4 Kg7 31. Rg1 Bxd5 32. Rxd5 b4 33. Rgd1 Be7
34. axb4 cxb4 35. cxb4 Rc2+ 36. R1d2 Rxd2+ 37. Rxd2 Bxb4 38. Rd5 Rb6 39. Be5+
Kf8 40. Bd4 Rd6 41. Rxd6 Bxd6 42. Ke3 Ke7 43. f4 Ke6 44. Bb6 Be7 45. Kf3 Bxh4
46. b3 Be1 47. Ke2 Bb4 48. Bd8 Bd6 49. Kf3 Kd7 50. Bf6 Ba3 51. Bc3 Kc6 52. Kg3
Bc1 53. Kf3 Kc5 54. Kg3 Be3 55. Kf3 Bd4 56. Be1 Bb2 57. Ba5 Kd4 58. Be1 Kd3 59.
f5 gxf5 60. exf5 Bf6 61. Kf4 b5 62. Ba5 Kc2 63. b4 Kc3 64. Ke4 0-1

[Event "XtraCon-Skakligaen"]
[Site "Denmark"]
[Date "2013.02.17"]
[Round "7.8"]
[White "Hansen, Lars Henrik Bech"]
[Black "Jorgensen, Kasper Moller"]
[Result "1/2-1/2"]
[WhiteElo "2022"]
[BlackElo "2060"]
[PlyCount "43"]
[EventDate "2012.10.27"]
[EventType "team-tourn"]
[EventRounds "9"]
[WhiteTeam "BMSSkak"]
[BlackTeam "K41"]
[WhiteTeamCountry "DEN"]
[BlackTeamCountry "DEN"]

1. e4 c5 2. Nf3 Nc6 3. d4 cxd4 4. Nxd4 Nf6 5. Nc3 d6 6. Be2 e5 7. Nf3 h6 8. h3
Be7 9. Be3 Be6 10. Qd2 d5 11. exd5 Nxd5 12. Nxd5 Qxd5 13. Qxd5 Bxd5 14. c3 f5
15. O-O f4 16. Bd2 e4 17. Nh2 O-O 18. Rfd1 Rad8 19. Bxf4 Rxf4 20. Rxd5 e3 21.
Rxd8+ Bxd8 22. Nf3 1/2-1/2

[Event "XtraCon-Skakligaen"]
[Site "Denmark"]
[Date "2013.02.17"]
[Round "7.1"]
[White "Teplyi, Igor"]
[Black "Hillarp Persson, Tiger"]
[Result "1/2-1/2"]
[WhiteElo "2386"]
[BlackElo "2556"]
[PlyCount "49"]
[EventDate "2012.10.27"]
[EventType "team-tourn"]
[EventRounds "9"]
[WhiteTeam "Nordre"]
[BlackTeam "Bronshoj"]
[WhiteTeamCountry "DEN"]
[BlackTeamCountry "DEN"]

1. d4 Nf6 2. Nf3 e6 3. c4 d5 4. g3 Bb4+ 5. Bd2 Be7 6. Bg2 O-O 7. O-O c6 8. Qc2
Nbd7 9. a4 a5 10. Rd1 Ne4 11. Be1 f5 12. Nbd2 Bd6 13. Nxe4 fxe4 14. Ne5 Bxe5
15. dxe5 Qg5 16. f4 exf3 17. exf3 Nxe5 18. f4 Qg6 19. Qxg6 Nxg6 20. b4 dxc4 21.
Bf1 e5 22. Bxc4+ Kh8 23. bxa5 Bg4 24. Rdb1 Bc8 25. Bb4 1/2-1/2

[Event "XtraCon-Skakligaen"]
[Site "Denmark"]
[Date "2013.02.17"]
[Round "7.2"]
[White "Hoi, Carsten"]
[Black "Sloth, Jorn"]
[Result "1-0"]
[WhiteElo "2370"]
[BlackElo "2340"]
[PlyCount "109"]
[EventDate "2012.10.27"]
[EventType "team-tourn"]
[EventRounds "9"]
[WhiteTeam "Bronshoj"]
[BlackTeam "Nordre"]
[WhiteTeamCountry "DEN"]
[BlackTeamCountry "DEN"]

1. d4 Nf6 2. c4 e6 3. Nc3 Bb4 4. e3 b6 5. Nge2 Ne4 6. Bd2 Nxd2 7. Qxd2 O-O 8.
d5 Ba6 9. a3 Bd6 10. Nd4 Re8 11. Be2 exd5 12. Nxd5 Be5 13. O-O Nc6 14. Nf3 Bd6
15. Rac1 Bb7 16. b4 Ne7 17. Nc3 Nf5 18. Nd5 Ne7 19. Nd4 Nxd5 20. cxd5 Bxd5 21.
Nf5 Be4 22. Nxd6 cxd6 23. Qxd6 Qg5 24. Qg3 Qxg3 25. hxg3 Kf8 26. Rc7 Re7 27.
Rfc1 d6 28. f3 Bd5 29. e4 Be6 30. Kf2 Rxc7 31. Rxc7 a5 32. Rc6 axb4 33. axb4
Ra2 34. Ke3 b5 35. Rxd6 Rb2 36. Rd4 Rb3+ 37. Kf4 h6 38. g4 Rb2 39. Ke3 Ke7 40.
Bxb5 Rxg2 41. Be2 Rg1 42. Rd1 Rxd1 43. Bxd1 Kd6 44. f4 f6 45. Kd4 g5 46. f5 Bd7
47. Be2 Ba4 48. b5 Bc2 49. b6 Kc6 50. e5 fxe5+ 51. Kxe5 Kxb6 52. f6 Bb3 53. Kd6
Bf7 54. Bf3 Bg6 55. Be4 1-0

[Event "XtraCon-Skakligaen"]
[Site "Denmark"]
[Date "2013.02.17"]
[Round "7.3"]
[White "Petersen, Tom Petri"]
[Black "Pilgaard, Kim"]
[Result "1/2-1/2"]
[WhiteElo "2331"]
[BlackElo "2432"]
[PlyCount "179"]
[EventDate "2012.10.27"]
[EventType "team-tourn"]
[EventRounds "9"]
[WhiteTeam "Nordre"]
[BlackTeam "Bronshoj"]
[WhiteTeamCountry "DEN"]
[BlackTeamCountry "DEN"]

1. Nf3 c5 2. g3 Nc6 3. Bg2 g6 4. O-O Bg7 5. c4 e6 6. e4 Nge7 7. Nc3 O-O 8. d3
d6 9. Be3 Nd4 10. Qd2 Nec6 11. Ne1 Rb8 12. Nc2 a6 13. Bg5 Qc7 14. Nxd4 Nxd4 15.
Ne2 Nxe2+ 16. Qxe2 b5 17. Rab1 Bd7 18. Rfd1 Bc6 19. h4 Qd7 20. Be3 Bd4 21. Bxd4
cxd4 22. b3 bxc4 23. bxc4 e5 24. h5 Rb7 25. Kh2 Rfb8 26. Bh3 Qd8 27. Rxb7 Rxb7
28. Rd2 Qg5 29. hxg6 hxg6 30. Rb2 Qc1 31. Rxb7 Bxb7 32. Bd7 Kg7 33. Qf3 f5 34.
Be6 Qg5 35. Bd5 Bxd5 36. cxd5 fxe4 37. Qxe4 Qd2 38. Kg1 Qxa2 39. f4 Qb1+ 40.
Kg2 Qc2+ 41. Kh3 Qc8+ 42. g4 Qe8 43. Kg2 a5 44. g5 Qe7 45. Qe1 a4 46. Qh4 Qf7
47. Qh6+ Kg8 48. fxe5 dxe5 49. Kg3 Qf4+ 50. Kh3 Qf1+ 51. Kh4 Qxd3 52. d6 Qe4+
53. Kg3 d3 54. d7 Qf4+ 55. Kh3 Qf5+ 56. Kg3 Qxd7 57. Qxg6+ Kf8 58. Qf6+ Ke8 59.
Qh8+ Ke7 60. Qf6+ Ke8 61. Qh8+ Kf7 62. Qf6+ Kg8 63. Qg6+ Kf8 64. Qf6+ Qf7 65.
Qh8+ Ke7 66. Qxe5+ Qe6 67. Qg7+ Ke8 68. Qh8+ Kd7 69. Qg7+ Qe7 70. Qc3 Qxg5+ 71.
Kf3 Qh5+ 72. Kf4 Qh2+ 73. Ke3 Qe2+ 74. Kd4 d2 75. Qh3+ Kd6 76. Qh6+ Kc7 77.
Qh7+ Kb6 78. Qh6+ Ka5 79. Qg5+ Kb4 80. Qc5+ Kb3 81. Qc3+ Ka2 82. Qc2+ Ka3 83.
Qc3+ Ka2 84. Qc2+ Ka1 85. Qxa4+ Kb2 86. Qb4+ Kc2 87. Qc3+ Kb1 88. Qb3+ Kc1 89.
Qc3+ Kd1 90. Qa1+ 1/2-1/2

[Event "XtraCon-Skakligaen"]
[Site "Denmark"]
[Date "2013.02.17"]
[Round "7.4"]
[White "Carstensen, Jacob"]
[Black "Veng, Johny"]
[Result "0-1"]
[WhiteElo "2362"]
[BlackElo "2239"]
[PlyCount "62"]
[EventDate "2012.10.27"]
[EventType "team-tourn"]
[EventRounds "9"]
[WhiteTeam "Bronshoj"]
[BlackTeam "Nordre"]
[WhiteTeamCountry "DEN"]
[BlackTeamCountry "DEN"]

1. d4 d6 2. c4 Nf6 3. Nc3 g6 4. e4 Bg7 5. Nf3 O-O 6. Be2 e5 7. O-O exd4 8. Nxd4
Re8 9. f3 c6 10. Be3 d5 11. cxd5 Nxd5 12. Nxd5 cxd5 13. Qb3 Nc6 14. Rad1 Nxd4
15. Bxd4 Bxd4+ 16. Rxd4 Qf6 17. Rd2 dxe4 18. fxe4 Qe7 19. Bc4 Be6 20. Bxe6 fxe6
21. Rfd1 Qc5+ 22. Kh1 Re7 23. Qg3 Rf8 24. h3 Ref7 25. Kh2 Rf1 26. Rxf1 Rxf1 27.
Rd8+ Kf7 28. Qc3 Qg1+ 29. Kg3 Qf2+ 30. Kh2 Qf4+ 31. Qg3 Rh1+ 0-1

[Event "XtraCon-Skakligaen"]
[Site "Denmark"]
[Date "2013.02.17"]
[Round "7.5"]
[White "Nielsen, Poul Erik"]
[Black "Greger, Roland Reinhard"]
[Result "1/2-1/2"]
[WhiteElo "2215"]
[BlackElo "2364"]
[PlyCount "74"]
[EventDate "2012.10.27"]
[EventType "team-tourn"]
[EventRounds "9"]
[WhiteTeam "Nordre"]
[BlackTeam "Bronshoj"]
[WhiteTeamCountry "DEN"]
[BlackTeamCountry "DEN"]

1. c4 e5 2. g3 Nf6 3. Bg2 d5 4. cxd5 Nxd5 5. Nc3 Nb6 6. Nf3 Nc6 7. O-O Be7 8.
a3 a5 9. d3 Be6 10. Be3 f5 11. Na4 Nd5 12. Bc5 Bf6 13. e4 fxe4 14. dxe4 Nde7
15. Qc2 O-O 16. Rac1 Qe8 17. b4 axb4 18. axb4 b6 19. b5 Na7 20. Bxe7 Qxe7 21.
Qxc7 Qxc7 22. Rxc7 Nxb5 23. Rc6 Bd7 24. Rc4 Nd6 25. Nxb6 Nxc4 26. Nxd7 Rfd8 27.
Bh3 Ra3 28. Rc1 Rxf3 29. Be6+ Kh8 30. Rxc4 Rd3 31. Nxf6 gxf6 32. Rc7 Rd1+ 33.
Kg2 R1d2 34. Bf5 Rb8 35. Rxh7+ Kg8 36. Rh5 Kg7 37. Rh7+ Kg8 1/2-1/2

[Event "XtraCon-Skakligaen"]
[Site "Denmark"]
[Date "2013.02.17"]
[Round "7.6"]
[White "Aabling Thomsen, Jakob"]
[Black "Klitgaard, Thomas"]
[Result "1/2-1/2"]
[WhiteElo "2341"]
[BlackElo "2186"]
[PlyCount "227"]
[EventDate "2012.10.27"]
[EventType "team-tourn"]
[EventRounds "9"]
[WhiteTeam "Bronshoj"]
[BlackTeam "Nordre"]
[WhiteTeamCountry "DEN"]
[BlackTeamCountry "DEN"]

1. e4 e5 2. Nf3 Nc6 3. Bc4 Bc5 4. O-O Nf6 5. d3 d6 6. c3 a6 7. b4 Ba7 8. Bb3
O-O 9. h3 Be6 10. Bc2 h6 11. Qe2 Nh7 12. Be3 f5 13. Bxa7 Rxa7 14. exf5 Bxf5 15.
Nbd2 Ra8 16. Ne4 Nf6 17. Bb3+ Kh8 18. Ng3 Bh7 19. Nd2 d5 20. a3 Qd6 21. Bc2 Ne7
22. Nh5 Ng6 23. g3 c5 24. Nxf6 Rxf6 25. Nb3 b6 26. bxc5 bxc5 27. d4 exd4 28.
cxd4 c4 29. Nc5 Ne7 30. Bxh7 Kxh7 31. Rae1 Nf5 32. Qe5 Qxe5 33. Rxe5 Nxd4 34.
Rxd5 Nb3 35. Rb1 Rf3 36. Kg2 Raf8 37. Rb2 R8f5 38. Rxf5 Rxf5 39. Nxa6 Ra5 40.
Nb4 Rxa3 41. Rc2 Na5 42. Nd5 Ra4 43. h4 Kg6 44. g4 Kf7 45. Re2 c3 46. Kg3 Rc4
47. Rc2 Rc5 48. Nf4 Nb3 49. Ne2 Re5 50. Rxc3 Rxe2 51. Rxb3 g5 52. Rb7+ Kf6 53.
h5 Re6 54. Rh7 Ke5 55. Rf7 Ra6 56. f3 Ra2 57. Re7+ Kd5 58. Rd7+ Ke5 59. Re7+
Kd5 60. Rh7 Ra6 61. Kf2 Ke5 62. Re7+ Kf6 63. Rh7 Ke5 64. Rg7 Ra2+ 65. Kg3 Ra6
66. Rg8 Rb6 67. Rh8 Ra6 68. Rh7 Rb6 69. Rf7 Ra6 70. Rf5+ Ke6 71. Rb5 Rc6 72.
Kf2 Rc2+ 73. Kg3 Rc6 74. Ra5 Rb6 75. Ra7 Ke5 76. Rf7 Ra6 77. Rf5+ Kd4 78. f4
Ra3+ 79. Kf2 gxf4 80. Rf6 Ke4 81. Re6+ Kd5 82. Rxh6 Rg3 83. Rg6 Ke4 84. h6 Ra3
85. Re6+ Kd5 86. h7 Ra8 87. Rh6 Rh8 88. Kf3 Ke5 89. Rh5+ Kf6 90. Kxf4 Kg6 91.
Ke5 Re8+ 92. Kd6 Kg7 93. Kd7 Ra8 94. Rh1 Kh8 95. g5 Ra7+ 96. Ke6 Ra6+ 97. Kf5
Ra5+ 98. Kf4 Ra4+ 99. Ke3 Ra3+ 100. Kd4 Ra4+ 101. Kc3 Ra3+ 102. Kb4 Ra6 103.
Kc5 Rg6 104. Rh5 Rg7 105. Kd5 Rxh7 106. Rxh7+ Kxh7 107. Ke5 Kg6 108. Kf4 Kg7
109. Kf5 Kh7 110. g6+ Kg7 111. Kg5 Kg8 112. Kf6 Kf8 113. g7+ Kg8 114. Kg6
1/2-1/2

[Event "XtraCon-Skakligaen"]
[Site "Denmark"]
[Date "2013.02.17"]
[Round "7.7"]
[White "Hoiberg, Nina"]
[Black "Palm, Nikolaj"]
[Result "0-1"]
[WhiteElo "2196"]
[BlackElo "2307"]
[PlyCount "126"]
[EventDate "2012.10.27"]
[EventType "team-tourn"]
[EventRounds "9"]
[WhiteTeam "Nordre"]
[BlackTeam "Bronshoj"]
[WhiteTeamCountry "DEN"]
[BlackTeamCountry "DEN"]

1. e4 e5 2. Nf3 Nc6 3. Bc4 Bc5 4. b4 Bb6 5. a4 a6 6. c3 d6 7. d3 Bg4 8. Be3
Bxe3 9. fxe3 Nf6 10. O-O O-O 11. Qe1 d5 12. exd5 Nxd5 13. Ra2 Nb6 14. Bb3 Qe7
15. Qg3 Be6 16. Bxe6 Qxe6 17. Raf2 f6 18. Nbd2 Nxa4 19. Ne4 Ne7 20. Nh4 Kh8 21.
Nf5 Nxf5 22. Rxf5 Rad8 23. Qh3 Qd7 24. d4 exd4 25. cxd4 Qe7 26. R1f4 Rde8 27.
Rh5 h6 28. Rfh4 Kg8 29. Qg3 Kf7 30. Rg4 Rg8 31. Nc5 Nxc5 32. Rxc5 Qxe3+ 33.
Qxe3 Rxe3 34. Rxc7+ Re7 35. Rc5 g5 36. d5 Rd8 37. Rd4 Rd6 38. b5 axb5 39. Rxb5
f5 40. Rdb4 Red7 41. Rxb7 Rxd5 42. Rxd7+ Rxd7 43. Rb6 Kg7 44. Kf2 Rf7 45. h4
Rf6 46. Rb7+ Kg6 47. hxg5 hxg5 48. Kf3 Ra6 49. Rb3 Ra4 50. g3 Kh5 51. Rc3 Ra2
52. g4+ Kh4 53. gxf5 g4+ 54. Kf4 Rf2+ 55. Ke4 Kg5 56. Rc5 Re2+ 57. Kd3 Re8 58.
Kd2 g3 59. f6+ Kxf6 60. Rc3 Rg8 61. Rf3+ Ke5 62. Rf1 g2 63. Rg1 Kf4 0-1

[Event "XtraCon-Skakligaen"]
[Site "Denmark"]
[Date "2013.02.17"]
[Round "7.8"]
[White "Ligaard, Morten Lund"]
[Black "Holst, Per"]
[Result "1-0"]
[WhiteElo "2269"]
[BlackElo "2108"]
[PlyCount "38"]
[EventDate "2012.10.27"]
[EventType "team-tourn"]
[EventRounds "9"]
[WhiteTeam "Bronshoj"]
[BlackTeam "Nordre"]
[WhiteTeamCountry "DEN"]
[BlackTeamCountry "DEN"]

1. Nf3 c5 2. g3 g6 3. c4 Bg7 4. Bg2 Nc6 5. O-O e6 6. Nc3 Nge7 7. d4 Nxd4 8.
Nxd4 cxd4 9. Nb5 Qb6 10. a4 a5 11. c5 Qd8 12. Bf4 d6 13. cxd6 Nc6 14. Nc7+ Kf8
15. Nxa8 e5 16. Bd2 Qxd6 17. Qb3 Nb4 18. Bxb4 axb4 19. Rfc1 Be6 1-0

[Event "XtraCon-Skakligaen"]
[Site "Denmark"]
[Date "2013.02.17"]
[Round "7.1"]
[White "Andersen, Mads"]
[Black "Matthiesen, Arne"]
[Result "1/2-1/2"]
[WhiteElo "2461"]
[BlackElo "2345"]
[PlyCount "126"]
[EventDate "2012.10.27"]
[EventType "team-tourn"]
[EventRounds "9"]
[WhiteTeam "TeamNordeaSkb"]
[BlackTeam "SK1968"]
[WhiteTeamCountry "DEN"]
[BlackTeamCountry "DEN"]

1. d4 e6 2. c4 Nf6 3. Nc3 Bb4 4. e3 b6 5. Nge2 Ne4 6. Bd2 Nxd2 7. Qxd2 Bb7 8.
a3 Bd6 9. d5 O-O 10. g3 Na6 11. Bg2 Nc5 12. Qc2 a5 13. b3 c6 14. O-O cxd5 15.
cxd5 Rc8 16. Rfd1 e5 17. Nb5 Qe7 18. Nec3 Ba6 19. Nxd6 Qxd6 20. Qb1 f5 21. b4
Nb7 22. Qb2 Bc4 23. Rab1 Rb8 24. Rbc1 axb4 25. axb4 Rfc8 26. e4 f4 27. Nb1 fxg3
28. hxg3 Qe7 29. Na3 b5 30. f4 exf4 31. gxf4 Nd6 32. Qd4 Rf8 33. Nxc4 Nxc4 34.
d6 Qh4 35. f5 Rf6 36. Qc5 Rh6 37. Rc3 Qh2+ 38. Kf1 Rh4 39. Rf3 Ne5 40. Rf2 Rf4
41. Rxf4 Qxf4+ 42. Qf2 Qg5 43. Kg1 Rc8 44. Qa2+ Kh8 45. Qa6 Qe3+ 46. Kf1 Qf4+
47. Kg1 Qe3+ 48. Kf1 Rb8 49. Qa2 Ng4 50. Qe2 Qf4+ 51. Kg1 Rc8 52. Bf3 Ne5 53.
Bg2 Rc1 54. Rxc1 Qxc1+ 55. Bf1 Qc3 56. Qxb5 Qg3+ 57. Kh1 Qh4+ 58. Kg1 Nf3+ 59.
Kg2 Ne1+ 60. Kg1 Qg3+ 61. Kh1 Qh4+ 62. Kg1 Qg3+ 63. Kh1 Qh4+ 1/2-1/2